Pays qui utilisent l'Euro - Statistiques

Statistiques générales
  • Ce quiz a été pris 212 fois
  • Le résultat moyen est 22 sur 26
Statistiques - réponses
Date d'adoption Pays % Correct
1999 France
100%
1999 Espagne
99%
1999 Allemagne
97%
1999 Belgique
96%
1999 Italie
96%
1999 Portugal
96%
1999 Autriche
91%
2001 Grèce
90%
1999 Pays-Bas
90%
2023 Croatie
89%
1999 Irlande
87%
1999 Luxembourg
87%
2015 Lituanie
86%
2014 Lettonie
85%
2012 Andorre
84%
2011 Estonie
84%
1999 Finlande
84%
1999 Monaco
83%
2009 Slovaquie
83%
2007 Slovénie
82%
1999 Vatican
80%
1999 Saint-Marin
76%
2008 Malte
74%
2008 Chypre
61%
2002 Kosovo
58%
2002 Monténégro
57%
Aucun quiz correspondant
Distribution des résultats
% des personnes avec chaque résultat
Percentile par nombre de réponses
Votre historique - résultats
Vous n’avez pas pris ce quiz